| 000 | 00738nam a22001817a 4500 | ||
|---|---|---|---|
| 999 |
_c12012 _d12012 |
||
| 003 | AR-CdUCM | ||
| 008 | 190405b ||||| |||| 00| 0 spa d | ||
| 040 |
_aMUNICIPALIDAD PROVINCIAL DEL CUSCO _cBIBLIOTECA MUNICIPAL DEL CUSCO |
||
| 082 |
_aC / 985.613 / _bV66 |
||
| 100 |
_aVillasante Ortiz, Segundo _927858 |
||
| 245 | _aPaucartambo: visión monográfica / | ||
| 260 |
_aCusco : _bLeón, _c1975. |
||
| 300 |
_a239 páginas ; _c21 cm. |
||
| 505 | _aContenido: Geografía de la provincia de Pucartambo -- Aspectos Fitogeográfico -- Aspectos zoogeográfico -- Historia de la demarcación política creación de la provincia de Pucartambo. | ||
| 650 |
_aHistoria de Paucartambo _929665 |
||
| 942 |
_2ddc _cLIBROS |
||
| 945 |
_aacv _d05/04/2019 |
||